Riga als Handelsmetropole des Ostseeraums in der Frühen Neuzeit (16.-18

Titel: Riga als Handelsmetropole des Ostseeraums in der Frühen Neuzeit (16.-18 : Jahrhundert)
Verfasser:
In: Riga und der Ostseeraum, (2005), Seite 261-294
alle Artikel anzeigen
Veröffentlicht: 2005
Format: Aufsatz
Sprache: Deutsch
Kein Bild verfügbar
X
alg: 39164012
001A    $01999:11-11-16 
001B    $01999:25-04-21 $t10:53:25.000 
001D    $01999:11-11-16 
001U    $0utf8 
001X    $00 
002@    $0Aox 
003@    $0391640127 
007A    $0391640127 $aHEB 
007T    $0Herd79012 
010@    $ager 
011@    $a2005 
021A    $aRiga als Handelsmetropole des Ostseeraums in der Frühen Neuzeit (16.-18 $dJahrhundert) 
028A    $aHarder-Gersdorff $dElisabeth 
031A    $h261-294 $j2005 
039B    $aIn $8--Aau--. Riga und der Ostseeraum. - Marburg : Verl. Herder-Institut, 2005. - VIII, 486 S.. - Ill., graph. Darst., Kt.. - ISBN 3-87969-319-6 $x200500000000000739 $9133615367 
045F    $a330.094796 $eDDC23BSB 
045F/01 $a330.09 
045F/03 $g4796 

lok: 39164012 78

exp: 39164012 78 1 #EPN
201B/01 $020-12-17 $t22:58:07.000 
201U/01 $0utf8 
203@/01 $0787734608 
208@/01 $a11-11-16 $be 
209A/01 $a/ $f000 $x00 
220C/01 $aTitelaufnehmer: cs 
244Z/01 $2Trx $#Latvija $#Lettland $#Łotwa $#Lotyšsko $8--Trx--Latvija $x01 $9391275879 
244Z/01 $#Riga $#Rīga $#Ryga $#Riega $#Riga in Lieffland $#Rigae Livonum $#Rygae $#Righa $74050042-1 $8--Tg1--Riga $x02 $9085139726 
244Z/01 $aGeschichte 1500-1800 $x03 
244Z/01 $2Trx $#kaubavahetus üldiselt $#prekyba bendras $#trade $#kereskedelem általános $#handel ogólnie $#obchod všeobecne $#obchod všeobecně $#Gewerbe $#remeslo, živnosť $8--Trx--Handel$gallgemein $x04 $9391373781 
244Z/01 $2Trx $#majandus kommunaalne $#komunalinis ūkis $#economy, local $#gazdaság, helyi $#gospodarka komunalna $#hospodárstvo, komunálne $#hospodářství komunální $#Gemeindewirtschaft $#Kommunalwirtschaft $8--Trx--Wirtschaft, kommunale $x05 $9391375768 
244Z/01 $2Trx $#metropolid $#metropolijos $#metropolitan areas $#metropolisok $#metropolie $#metropoly $#metropole $8--Trx--Metropolen $x06 $9391354019 
244Z/01 $2Trx $8--Trx--Einzelbeiträge $x07 $9391384570 
245Z/01 $a13.03 $x01 
245Z/01 $a09.04 $x02 
247C/01 $82080>Marburg/Lahn, Herder-Institut, Forschungsbibliothek, Bibliographieportal $9336309341
LEADER 00000caa a22000002c 4500
001 391640127
003 DE-603
005 20210425105325.0
007 tu
008 161111s2005 xx |||| | u00||u|ger c
035 |a (DE-599)HEB391640127 
040 |a DE-603  |b ger  |c DE-603  |d DE-603 
041 |a ger 
082 0 4 |8 1\u  |a 330.094796  |q DE-101  |2 23/BSB 
085 |8 1\u  |b 330.09 
085 |8 1\u  |z 2  |s 4796 
100 1 |a Harder-Gersdorff, Elisabeth 
245 0 0 |a Riga als Handelsmetropole des Ostseeraums in der Frühen Neuzeit (16.-18  |b Jahrhundert) 
264 0 |c 2005 
773 0 8 |i In  |t Riga und der Ostseeraum  |d Marburg : Verl. Herder-Institut, 2005  |h VIII, 486 S., Ill., graph. Darst., Kt.  |z 3879693196  |g (2005), Seite 261-294  |w (DE-603)133615367 
924 0 |9 2080  |a (DE-603)787734608  |b DE-2080  |c HES  |d d  |g /